| 000 | 00551nam a2200217Ia 4500 | ||
|---|---|---|---|
| 008 | 230125s9999 xx 000 0 und d | ||
| 020 | _a81-314-1250-9 | ||
| 041 | _aeng | ||
| 082 |
_a658.312 44 _bADH |
||
| 100 |
_aAdhia H _9112457 |
||
| 245 | _aReinventing Government through HRM Strategies | ||
| 250 | _a1st Ed. | ||
| 260 |
_c2007 _bICFAI publication _aHyderabad |
||
| 300 | _a181p | ||
| 440 | _aICFAI | ||
| 500 | _aStrategic HR | ||
| 650 | _aHuman Resource Management | ||
| 700 |
_aAdhia H _9112457 |
||
| 906 | _b71 | ||
| 999 |
_c89407 _d89407 |
||